Кинофильмы по их аннотациям - Statistics

General Stats
  • This quiz has been taken 28 times
  • The average score is 13 of 30
Answer Stats
Аннотация Фильм % Correct
В прошлое из будущего прибывает боевой андроид, дабы убить мать грядущего лидера сопротивления восстанию машин Терминатор
100%
В советские семидесятые благодаря машине времени попадает русский царь Иван Васильевич меняет профессию
92%
В небольшом американском городе чудовище в образе жуткого клоуна похищает детей Оно
92%
Сильный мужчина в синем костюме и красном плаще спасает город от различных напастей Супермен
92%
Город терроризирует невероятных размеров обезьяна Кинг-Конг
88%
Простодушный от природы американец рассказывает историю своей насыщенной на события жизни, пока ждёт автобуса Форрест Гамп
73%
Мужчина мечтает о карьере комика, но испытывает серьёзные психические проблемы, связанные с неконтролируемыми приступами болезненного смеха Джокер
73%
За одним человеком с детства в режиме реалити-шоу наблюдает весь мир Шоу Трумана
73%
В будущем машины захватили контроль над человечеством и погрузили подавляющее его большинство в глобальную симуляцию Матрица
65%
Мужчина-репортёр приезжает в американскую глушь, чтобы снять репортаж о местном праздничном фестивале, но попадает во временную петлю длинною в одни сутки День сурка
65%
Ловкий аферист и его подельник из дореволюционной аристократии гонятся за комплектом антикварной мебели, внутри которой могут быть драгоценности на колоссально крупную сумму 12 стульев
65%
Группа молодых нью-йоркских учёных находит способ бороться с потусторонними сущностями и открывает связанный с этим бизнес Охотники за привидениями
46%
В будущем на Луне находят загадочный монолит с определённым излучением, которое фиксируют и со стороны Юпитера, куда решают послать экспедицию на космическом корабле под управлением высокоразвитого искусственного интеллекта Космическая одиссея 2001 года
38%
Транспортный космический корабль получает странный сигнал из космоса и отклоняется от своего изначального курса в сторону планеты, откуда данный сигнал исходит Чужой
35%
Молодой парень непонятным образом оказывается на необитаемым острове в "компании" говорящего трупа Человек-швейцарский нож
31%
Инженер из российской глуши при осмотре одной многоэтажки обнаруживает, что та вот-вот рухнет из-за стремительно разрастающейся трещины вдоль всего здания, и пытается всеми силами спасти живущих там людей Дурак
31%
Трое мужчин - учёный, писатель и их проводник - прибывают в заброшенное опасное место в поисках некоего "исполнителя желаний" Сталкер
27%
Потерпевшего автомобильную аварию в заснеженных горах известного писателя женских романов спасает психически нездоровая медсестра и требует от него написать лично для неё продолжение её любимого его произведения Мизери
23%
Во время войны во Вьетнаме американские спецслужбы нанимают опустошённого внутренне военного офицера для ликвидации одного высокопоставленного полковника, объявленного некоторыми солдатами "новым мессией" и укрывающегося в далёкой вьетнамской деревушке на реке Апокалипсис сегодня
23%
Парень-барабанщик без особых навыков очень хочет попасть в джазовый оркестр с крайне жёстким руководителем Одержимость
23%
В Южной Корее пьяного мужчину похищают неизвестные и 11 лет держат в квартире изолировано от внешнего мира, кроме телевидения Олдбой
23%
Мать-одиночка, работающая на фабрике, стремительно слепнет, и её благодаря этому обворовывает человек, которому та доверяет, после чего она начинает сходить с ума Танцующая в темноте
15%
Своровавшая крупную сумму денег девушка, торопясь уехать из города как можно дальше, останавливается в мотеле неподалёку от зловещего особняка, обоими которыми владеет интеллигентный мужчина средних лет со странностями в поведении Психо
15%
В феодальной Японии загадочного самурая-одиночку в одной из деревень нанимает богатая семья, враждующая с другой богатой семьёй из соседней деревни Телохранитель
12%
Начинающий неудачливый актёр вместе с молодой женой приезжают в Нью-Йоркский многоквартирный дом, где живут в основном излишне доброжелательные старики, но при этом однажды утром из одного окна выпадает молодая девушка, расследовать что полиция не особо торопится Ребёнок Розмари
12%
В Великобритании несколько преступных кланов, исходя из собственных интересов, хотят завладеть ранее похищенным из еврейского банка синим бриллиантом Большой куш
12%
Молодой человек из глухой американской провинции приезжает в Нью-Йорк за лучшей жизнью, но очень быстро оказывается на самом дне, вынужденный ухаживать за своим тяжело больным новым другом, промышляющим мелкими преступлениями и живущим в грязной лачуге Полуночный ковбой
4%
На немецком фронте Первой мировой войны престарелый высокопоставленный офицер отправляет рядовых окопных солдат в заранее самоубийственный лобовой штурм, в ходе которого из них выживают лишь трое испугавшихся за свою жизнь, и теперь военный суд требует для них трибунала за "дезертирство", но за них вступается молодой офицер, бывавший в реальных боях и знающий реальную обстановку на фронте Тропы славы
4%
Группа военнопленных солдат-союзников прибывает в нацистский концентрационный лагерь, в котором сообща планирует мятеж Большой побег
4%
В европейском городе происходит череда ограблений банков, будто бы спланированная, но при этом даже сами преступники едва осознают, кем именно, просто действуя согласно указаниям незримого преступного гения Завещания доктора Мабузе
0%
No matching quizzes found
Score Distribution
Percent of People with Each Score
Percentile by Number Answered
Your Score History
You have not taken this quiz